000
00322nam a2200145Ia 4500
008
231129s2006||||xx |||||||||||||| ||spa||
020
_a
63351
040
_b
spa
082
_a
920 L878y
100
_a
Lorza Alfonso
245
0
_a
Yo
260
_c
2006
264
_a
Armenia Colombia : Editorial Luz
942
_2
ddc
_c
BKS
999
_c
26492
_d
26492